| 000 -LEADER |
| fixed length control field |
00424nam a22001337a 4500 |
| 082 ## - DEWEY DECIMAL CLASSIFICATION NUMBER |
| Classification number |
S 294.5921 |
| Item number |
KES/S |
| 100 ## - MAIN ENTRY--PERSONAL NAME |
| Personal name |
Keshav Prasad Mishra |
| 9 (RLIN) |
1693 |
| 245 ## - TITLE STATEMENT |
| Title |
Sattrinsat Bhargavanam vedopabrimhane yogastesam parichayascha/ |
| Statement of responsibility, etc. |
by Keshav Prasad Mishra. |
| 260 ## - PUBLICATION, DISTRIBUTION, ETC. |
| Place of publication, distribution, etc. |
Chhatarpur: |
| Name of publisher, distributor, etc. |
Rishi Gotam Vaidic Research Institute, |
| Date of publication, distribution, etc. |
2006. |
| 300 ## - PHYSICAL DESCRIPTION |
| Extent |
330p. |
| 650 ## - SUBJECT ADDED ENTRY--TOPICAL TERM |
| Topical term or geographic name entry element |
Vedic Literature |
| 9 (RLIN) |
1694 |
| 650 ## - SUBJECT ADDED ENTRY--TOPICAL TERM |
| Topical term or geographic name entry element |
Religion |
| 9 (RLIN) |
1695 |
| 942 ## - ADDED ENTRY ELEMENTS (KOHA) |
| Koha item type |
Book |